|
|
|
|
| LEADER |
00000nam2a2200000 4500 |
| 001 |
273283 |
| 005 |
20231208104842.0 |
| 035 |
|
|
|a (RuTPU)RU\TPU\book\296492
|
| 035 |
|
|
|a RU\TPU\book\283904
|
| 035 |
|
|
|a RU\TPU\book\205139
|
| 090 |
|
|
|a 273283
|
| 100 |
|
|
|a 20141024d2014 k y0rusy50 ca
|
| 101 |
0 |
|
|a rus
|a eng
|
| 102 |
|
|
|a RU
|
| 105 |
|
|
|a a z 001zy
|
| 200 |
0 |
|
|a Т. 325, № 4 : Техника и технологии в энергетике
|
| 210 |
|
|
|d 2014
|
| 215 |
|
|
|a 184 с.
|c ил.
|
| 320 |
|
|
|a Библиография в конце статей
|
| 461 |
|
1 |
|0 (RuTPU)RU\TPU\book\176237
|t Известия Томского политехнического университета [Известия ТПУ]
|f Томский политехнический университет (ТПУ)
|v Т. 325, № 4 : Техника и технологии в энергетике
|d 2000-
|
| 606 |
1 |
|
|a Научно-технический потенциал
|2 stltpush
|3 (RuTPU)RU\TPU\subj\45166
|9 64427
|
| 610 |
1 |
|
|a научно-технические исследования
|
| 610 |
1 |
|
|a труды учёных ТПУ
|
| 610 |
1 |
|
|a энергетика
|
| 610 |
1 |
|
|a реакторы
|
| 610 |
1 |
|
|a активная зона
|
| 610 |
1 |
|
|a тепловыделяющие элементы
|
| 610 |
1 |
|
|a уголь
|
| 610 |
1 |
|
|a подземная газификация
|
| 610 |
1 |
|
|a парогазовые установки
|
| 610 |
1 |
|
|a кабельные линии
|
| 610 |
1 |
|
|a допустимые токовые нагрузки
|
| 610 |
1 |
|
|a электромагнитные процессы
|
| 610 |
1 |
|
|a электрические сети
|
| 610 |
1 |
|
|a дугогасящие реакторы
|
| 610 |
1 |
|
|a энергосбережение
|
| 675 |
|
|
|a 62
|v 3
|
| 801 |
|
1 |
|a RU
|b 63413507
|c 20110406
|
| 801 |
|
2 |
|a RU
|b 63413507
|c 20221209
|g RCR
|
| 942 |
|
|
|c CR
|